| 000 | 00590nam a2200181Ia 4500 | ||
|---|---|---|---|
| 003 | GCL | ||
| 008 | 140319s9999 xx 000 0 ara d | ||
| 040 |
_aGCL / _cGCL |
||
| 082 | 0 | 4 |
_aق _b338.9 _bم ا |
| 100 | 1 | _aمحمود بسيونى | |
| 245 | 1 | 0 |
_aافاق جديدة للحياة فى الوادى الجديد / _cمحمود بسيونى |
| 300 | _a227 ص | ||
| 490 |
_aالهيئة العامة للاستعلامات _v0 |
||
| 650 | 0 | 4 | _aالتنمية الاقتصادية |
| 650 | 0 | 4 | _aالتنمية الزراعية |
| 650 | 0 | 4 | _aالوادى الجديد |
| 942 |
_2ddc _cBK |
||
| 999 |
_c47515 _d47515 |
||